000 00339nam a22001457a 4500
008 221122b ||||| |||| 00| 0 eng d
020 _a9781284029031
041 _aeng
080 _2SECOND EDITION
_a610.73
082 _a610.73SCA
100 _a9
101 _aINF
245 _aRESPIRATORY THERAPY EXAM
_cSCANLAN L C
942 _2udc
_cBK
999 _c59004
_d59004